[Event "Continental Class Ch."]
[Site "Arlington, VA"]
[Date "2011.10.06"]
[Round "1"]
[White "Bouzoukis, Charles"]
[Black "Friedel, Joshua E"]
[Result "0-1"]
[WhiteElo "2212"]
[BlackElo "2518"]
[PlyCount "82"]
[EventDate "2011.10.??"]
[EventType "swiss"]
[EventRounds "9"]
[EventCountry "USA"]

1. f4 d5 2. e3 Nf6 3. Nf3 g6 4. Be2 Bg7 5. O-O O-O 6. d3 Nc6 7. c3 Qd6 8. d4
Bf5 9. Ne5 Ne4 10. Nd2 f6 11. Nxe4 Bxe4 12. Nxc6 bxc6 13. Bd3 a5 14. Bxe4 dxe4
15. Qc2 f5 16. b3 Rfb8 17. Bb2 Kf7 18. Rfd1 Bf6 19. a4 c5 20. Ba3 Qe6 21. Rab1
c4 22. b4 g5 23. bxa5 gxf4 24. exf4 Rxb1 25. Rxb1 Rxa5 26. Qe2 Rxa4 27. Bc5 Kg6
28. Re1 h5 29. g3 Qa6 30. Qb2 Qa8 31. Qe2 Ra1 32. Bb4 Qa2 33. Kf2 Qxe2+ 34.
Rxe2 h4 35. Kg2 Kh5 36. Kh3 Rh1 37. Ra2 hxg3 38. Kxg3 Rf1 39. Ra7 Bh4+ 40. Kg2
Rf2+ 41. Kg1 e3 0-1

[Event "Continental Class Ch."]
[Site "Arlington, VA"]
[Date "2011.10.06"]
[Round "1"]
[White "Kekelidze, Mikheil"]
[Black "Bady, Glenn"]
[Result "1-0"]
[WhiteElo "2459"]
[BlackElo "2184"]
[PlyCount "57"]
[EventDate "2011.10.??"]
[EventType "swiss"]
[EventRounds "9"]
[EventCountry "USA"]

1. d4 Nf6 2. c4 c5 3. d5 b5 4. cxb5 a6 5. b6 g6 6. Nc3 Bg7 7. e4 d6 8. a4 a5 9.
Bb5+ Bd7 10. Nf3 Qxb6 11. e5 dxe5 12. Nxe5 Bxb5 13. axb5 O-O 14. O-O Rd8 15.
Qf3 Qb7 16. Nc6 Nxc6 17. dxc6 Qb6 18. Re1 Re8 19. Bg5 Rac8 20. Rad1 h6 21. Bf4
Nh5 22. Be5 Bxe5 23. Rxe5 Nf6 24. Rd7 Rc7 25. Qxf6 exf6 26. Rxe8+ Kg7 27. Rdd8
h5 28. Rb8 Qa7 29. b6 1-0

[Event "Continental Class Ch."]
[Site "Arlington, VA"]
[Date "2011.10.06"]
[Round "1"]
[White "Shabalov, Alexander"]
[Black "Yanayt, Eugene"]
[Result "1-0"]
[WhiteElo "2529"]
[BlackElo "2214"]
[PlyCount "55"]
[EventDate "2011.10.??"]
[EventType "swiss"]
[EventRounds "9"]
[EventCountry "USA"]

1. c4 e5 2. Nc3 Nc6 3. Nf3 g6 4. e3 Bg7 5. d4 d6 6. Be2 Nf6 7. O-O O-O 8. b3
Nd7 9. dxe5 Ncxe5 10. Bb2 Nxf3+ 11. Bxf3 Ne5 12. Be2 f5 13. Qd2 Be6 14. Rad1
Qd7 15. f4 Nc6 16. Bf3 Qf7 17. g3 Rab8 18. Rfe1 h6 19. Nd5 Kh7 20. b4 Rfc8 21.
e4 Bxd5 22. cxd5 fxe4 23. Bg4 Re8 24. Bxg7 Qxg7 25. dxc6 bxc6 26. Qd4 Qe7 27.
a3 d5 28. Qxa7 1-0

[Event "Continental Class Ch."]
[Site "Arlington, VA"]
[Date "2011.10.07"]
[Round "2"]
[White "Bartholomew, John"]
[Black "Coleman, Teddy"]
[Result "1/2-1/2"]
[WhiteElo "2442"]
[BlackElo "2314"]
[PlyCount "167"]
[EventDate "2011.10.??"]
[EventType "swiss"]
[EventRounds "9"]
[EventCountry "USA"]

1. d4 d5 2. c4 c6 3. Nf3 Nf6 4. e3 Bf5 5. Nc3 e6 6. Nh4 Be4 7. f3 Bg6 8. Qb3
Qc7 9. Bd2 Be7 10. Nxg6 hxg6 11. g3 dxc4 12. Bxc4 b5 13. Be2 a6 14. Rc1 Nbd7
15. O-O O-O 16. a4 b4 17. Ne4 Nxe4 18. fxe4 Qd6 19. e5 Nxe5 20. Qc2 Rfd8 21.
Rfd1 Nd7 22. Qxc6 a5 23. Qxd6 Bxd6 24. Rc6 Nf6 25. Bf3 Ra7 26. e4 e5 27. d5 Rc7
28. Be3 Rxc6 29. dxc6 Bc7 30. Rxd8+ Bxd8 31. Bc5 Bc7 32. Kf2 Ne8 33. Ke2 Nd6
34. Kd3 g5 35. Bd1 Kf8 36. Bb3 Ke7 37. Bd5 g6 38. g4 f6 39. h3 Bd8 40. Bf7 Bc7
41. Bxg6 Kf8 42. Bf5 Kf7 43. Bd7 Ke7 44. Bc8 Kf7 45. Ba6 Kf8 46. Bc4 Kg7 47.
Bd5 Kf8 48. Bf2 Kg7 49. Kc2 Kg6 50. Kb3 Kg7 51. Bc5 Kf8 52. Bf2 Kg7 53. Kc2 Kg6
54. Kd3 Kg7 55. Bc5 Kf8 56. Ke2 Kg7 57. Kf3 Kg6 58. Be3 Bd8 59. Kg3 Bc7 60. h4
gxh4+ 61. Kxh4 Bd8 62. Kg3 Bc7 63. Kf3 Bd8 64. Be6 Kg7 65. b3 Kg6 66. Bf5+ Kg7
67. Kg3 Nf7 68. Bc5 Bc7 69. Be7 Ng5 70. Kf2 Kf7 71. Bc5 Nh3+ 72. Ke3 Nf4 73.
Kd2 Kg7 74. Bf2 Kf7 75. Bc5 Kg7 76. Bc8 Kg6 77. Ke3 Kf7 78. Ba6 Kg6 79. Bc4 Kg7
80. Kf3 Ng6 81. Kg3 Nf4 82. Kf3 Ng6 83. Be3 Nf4 84. Bc5 1/2-1/2

[Event "Continental Class Ch."]
[Site "Arlington, VA"]
[Date "2011.10.07"]
[Round "2"]
[White "Betaneli, Aleksandr"]
[Black "Hendrickson, Nolan"]
[Result "1-0"]
[WhiteElo "2255"]
[BlackElo "2115"]
[PlyCount "61"]
[EventDate "2011.10.??"]
[EventType "swiss"]
[EventRounds "9"]
[EventCountry "USA"]

1. e4 c5 2. b3 Nc6 3. Bb2 d6 4. Bb5 e5 5. Ne2 Nge7 6. O-O g6 7. f4 Bg7 8. Bxc6+
Nxc6 9. Ng3 h5 10. f5 h4 11. Ne2 gxf5 12. exf5 Qg5 13. f6 Bxf6 14. Nbc3 Bf5 15.
Rf2 Ne7 16. Nb5 O-O-O 17. Nxa7+ Kb8 18. Nb5 Qg6 19. d3 Nd5 20. Qe1 b6 21. a4
Bg5 22. Bc1 Ne3 23. Nec3 Ng4 24. Re2 Bf4 25. Bxf4 exf4 26. Qf1 Qg5 27. Qf3 Nxh2
28. Qc6 Rd7 29. a5 Bg4 30. axb6 Nf3+ 31. Kh1 1-0

[Event "Continental Class Ch."]
[Site "Arlington, VA"]
[Date "2011.10.07"]
[Round "2"]
[White "Bierkens, Pieter"]
[Black "Romanenko, Vladimir"]
[Result "0-1"]
[WhiteElo "2154"]
[BlackElo "2444"]
[PlyCount "70"]
[EventDate "2011.10.??"]
[EventType "swiss"]
[EventRounds "9"]
[EventCountry "USA"]

1. e4 c5 2. Nc3 Nc6 3. g3 g6 4. Bg2 Bg7 5. d3 d6 6. Nh3 Rb8 7. O-O e6 8. f4
Nge7 9. g4 f5 10. exf5 exf5 11. g5 d5 12. Ne2 O-O 13. c3 d4 14. c4 Qd6 15. Bd2
b6 16. Kh1 Bb7 17. Nhg1 Nd8 18. h4 b5 19. b3 Ne6 20. Nf3 bxc4 21. bxc4 Qa6 22.
Qc2 Bc6 23. Rfb1 Rb6 24. Rxb6 axb6 25. Rb1 Ra8 26. Rb2 Qb7 27. Ne1 Nc8 28. Kh2
Bf8 29. Bxc6 Qxc6 30. Ng2 Bd6 31. Qc1 Qf3 32. Ng3 Ra3 33. Qe1 Kf7 34. h5 Nxg5
35. hxg6+ hxg6 0-1

[Event "Continental Class Ch."]
[Site "Arlington, VA"]
[Date "2011.10.07"]
[Round "2"]
[White "Burnett, Ronald"]
[Black "Shabalov, Alexander"]
[Result "1/2-1/2"]
[WhiteElo "2358"]
[BlackElo "2529"]
[PlyCount "54"]
[EventDate "2011.10.??"]
[EventType "swiss"]
[EventRounds "9"]
[EventCountry "USA"]

1. c4 e5 2. Nc3 Nf6 3. Nf3 Nc6 4. g3 Bc5 5. Bg2 d6 6. O-O O-O 7. e3 Bg4 8. h3
Bh5 9. g4 Bg6 10. d4 Bb6 11. b3 Re8 12. dxe5 dxe5 13. Qxd8 Raxd8 14. Rd1 Rxd1+
15. Nxd1 h5 16. g5 Ne4 17. Nh4 Nxg5 18. Nxg6 fxg6 19. Ba3 e4 20. Nc3 Ba5 21.
Nd5 Ne5 22. Rd1 c6 23. Nf4 Kf7 24. Kf1 Rd8 25. Rxd8 Bxd8 26. Ne2 Nef3 27. Nc3
Ba5 1/2-1/2

[Event "Continental Class Ch."]
[Site "Arlington, VA"]
[Date "2011.10.07"]
[Round "2"]
[White "Friedel, Joshua E"]
[Black "Gulamali, Kazim"]
[Result "1/2-1/2"]
[WhiteElo "2518"]
[BlackElo "2350"]
[PlyCount "33"]
[EventDate "2011.10.??"]
[EventType "swiss"]
[EventRounds "9"]
[EventCountry "USA"]

1. e4 c5 2. Nf3 d6 3. d4 cxd4 4. Nxd4 Nf6 5. Nc3 e6 6. Be2 Be7 7. O-O O-O 8. f4
Nc6 9. Be3 a6 10. a4 Qc7 11. Kh1 Re8 12. Bf3 Bf8 13. g4 Nxd4 14. Bxd4 e5 15.
Be3 exf4 16. Bxf4 Be6 17. g5 1/2-1/2

[Event "Continental Class Ch."]
[Site "Arlington, VA"]
[Date "2011.10.07"]
[Round "2"]
[White "Ramirez Alvarez, Alejandro"]
[Black "Tegshsuren, Enkhbat"]
[Result "1/2-1/2"]
[WhiteElo "2594"]
[BlackElo "2370"]
[PlyCount "81"]
[EventDate "2011.10.??"]
[EventType "swiss"]
[EventRounds "9"]
[EventCountry "USA"]

1. d4 d5 2. c4 c6 3. Nf3 Nf6 4. e3 a6 5. Qc2 g6 6. Bd3 Bg7 7. O-O O-O 8. Bd2
Re8 9. cxd5 cxd5 10. Ne5 Nfd7 11. f4 Nxe5 12. fxe5 Nc6 13. Qb3 Bh6 14. Rf2 b5
15. Nc3 Be6 16. Qd1 f6 17. e4 Bg7 18. exd5 Bxd5 19. Qe1 Rc8 20. a4 Nxd4 21.
axb5 axb5 22. Nxb5 fxe5 23. Nc3 Be6 24. Ra6 Bf5 25. Be4 Kh8 26. Bg5 Qd7 27. h3
Rf8 28. Qe3 Bxe4 29. Rxf8+ Rxf8 30. Qxe4 Nf5 31. Ra8 Qd4+ 32. Kh2 h6 33. Bc1
Rxa8 34. Qxa8+ Kh7 35. Qd5 Qf2 36. Qe4 Nd6 37. Qe2 Qf5 38. g4 Qe6 39. Kg2 e4
40. Bf4 Be5 41. Nxe4 1/2-1/2

[Event "Continental Class Ch."]
[Site "Arlington, VA"]
[Date "2011.10.07"]
[Round "2"]
[White "Santarius, Erik"]
[Black "Rozman, Levy"]
[Result "1/2-1/2"]
[WhiteElo "2316"]
[BlackElo "2037"]
[PlyCount "125"]
[EventDate "2011.10.??"]
[EventType "swiss"]
[EventRounds "9"]
[EventCountry "USA"]

1. e4 c6 2. d4 d5 3. Nd2 dxe4 4. Nxe4 Bf5 5. Ng3 Bg6 6. N1e2 e6 7. h4 h6 8. Nf4
Bh7 9. Bd3 Bxd3 10. Qxd3 Nd7 11. Bd2 Ngf6 12. O-O-O Qc7 13. Ngh5 O-O-O 14. Qf3
Rg8 15. g4 Nxh5 16. Nxh5 Nb6 17. Ba5 Rd5 18. Bxb6 axb6 19. c4 Ra5 20. Kb1 Bd6
21. d5 Rc5 22. dxe6 fxe6 23. Qd3 Rd8 24. b4 Be7 25. Qg6 Re5 26. Nxg7 Re2 27.
Rhe1 Bxb4 28. Rxe2 Rxd1+ 29. Kc2 Rd8 30. Qxe6+ Kb8 31. Ne8 Qh7+ 32. Qf5 Qg8 33.
Qe6 Qh7+ 34. Qf5 Qg8 35. Kb3 Rxe8 36. Rxe8+ Qxe8 37. Kxb4 Qe7+ 38. Kb3 Qxh4 39.
Qf8+ Ka7 40. Qa3+ Kb8 41. Qd6+ Ka7 42. Qa3+ Kb8 43. Qd6+ Ka7 44. f3 Qe1 45.
Qa3+ Kb8 46. Qd6+ Ka7 47. Qd3 Qc1 48. a3 Kb8 49. a4 Ka7 50. Ka2 Qe1 51. Kb3 Qc1
52. Qc3 Qd1+ 53. Ka3 Qd6+ 54. Kb2 Qd1 55. a5 Qe2+ 56. Kb3 b5 57. cxb5 Qxb5+ 58.
Ka3 Qd5 59. Qe3+ Ka8 60. Qe8+ Ka7 61. Qe3+ Ka8 62. Qc3 Ka7 63. Qe3+ 1/2-1/2

[Event "Continental Class Ch."]
[Site "Arlington, VA"]
[Date "2011.10.07"]
[Round "2"]
[White "Sarkar, Justin"]
[Black "Colas, Joshua"]
[Result "1/2-1/2"]
[WhiteElo "2379"]
[BlackElo "2040"]
[PlyCount "56"]
[EventDate "2011.10.??"]
[EventType "swiss"]
[EventRounds "9"]
[EventCountry "USA"]

1. d4 d5 2. c4 c6 3. Nf3 Nf6 4. Nc3 e6 5. Bg5 h6 6. Bh4 dxc4 7. e4 g5 8. Bg3 b5
9. Be2 b4 10. Na4 Nxe4 11. Bxc4 Nxg3 12. fxg3 Bg7 13. O-O Nd7 14. Qe2 O-O 15.
Rad1 Qa5 16. b3 Rb8 17. Rde1 c5 18. Ne5 Nxe5 19. dxe5 Bd7 20. h4 Bxa4 21. bxa4
Qxa4 22. hxg5 hxg5 23. Qe4 Qd7 24. Rd1 Qb7 25. Qg4 Qe7 26. Qe4 Qb7 27. Qg4 Qe7
28. Qe4 Qb7 1/2-1/2

[Event "Continental Class Ch."]
[Site "Arlington, VA"]
[Date "2011.10.07"]
[Round "3"]
[White "Chiang, Sarah"]
[Black "Santarius, Erik"]
[Result "1-0"]
[WhiteElo "1981"]
[BlackElo "2316"]
[PlyCount "79"]
[EventDate "2011.10.??"]
[EventType "swiss"]
[EventRounds "9"]
[EventCountry "USA"]

1. d4 Nf6 2. c4 e6 3. Nc3 c5 4. d5 exd5 5. cxd5 Bd6 6. e4 O-O 7. Bd3 Re8 8. Qc2
a6 9. a4 Bc7 10. Nf3 d6 11. O-O Bg4 12. Nd2 Nbd7 13. Nc4 Ne5 14. Na3 Nxd3 15.
Qxd3 Ba5 16. f3 Bd7 17. Bf4 Bc7 18. Kh1 Nh5 19. Be3 Qh4 20. Bf2 Qf6 21. Qd2 h6
22. Rae1 Ba5 23. Nc4 Bc7 24. e5 dxe5 25. Ne4 Qd8 26. Nxc5 e4 27. d6 exf3 28.
dxc7 fxg2+ 29. Kxg2 Bc6+ 30. Kg1 Qxc7 31. Qd6 Qc8 32. Rxe8+ Bxe8 33. Ne5 Qf5
34. Bg3 Qg5 35. Nxf7 Bxf7 36. Rxf7 Rd8 37. Rd7 Re8 38. Qd5+ Qxd5 39. Rxd5 Nf6
40. Re5 1-0

[Event "Continental Class Ch."]
[Site "Arlington, VA"]
[Date "2011.10.07"]
[Round "3"]
[White "Colas, Joshua"]
[Black "Troff, Kayden"]
[Result "1/2-1/2"]
[WhiteElo "2040"]
[BlackElo "2293"]
[PlyCount "141"]
[EventDate "2011.10.??"]
[EventType "swiss"]
[EventRounds "9"]
[EventCountry "USA"]

1. d4 Nf6 2. c4 g6 3. Nc3 d5 4. Bg5 Ne4 5. Bh4 Nxc3 6. bxc3 dxc4 7. e3 Be6 8.
Qb1 b6 9. Nf3 Bg7 10. Be2 c6 11. a4 O-O 12. O-O Qc7 13. Nd2 Re8 14. Nxc4 Bxc4
15. Bxc4 Nd7 16. Qb3 e6 17. Bg3 Qb7 18. Rab1 Nf6 19. f3 Rad8 20. Rfe1 Bf8 21.
Bf1 Nh5 22. Bf2 Bd6 23. g3 Qc7 24. Bg2 c5 25. f4 Rc8 26. Rec1 Nf6 27. Qd1 h5
28. Bf3 Red8 29. Qf1 Rd7 30. Kg2 Kg7 31. e4 Be7 32. e5 Ng4 33. Bg1 Rcd8 34. h3
Nh6 35. g4 hxg4 36. hxg4 Rh8 37. Qe2 Qd8 38. Rd1 cxd4 39. cxd4 Qb8 40. d5 exd5
41. e6 fxe6 42. Qxe6 Rhd8 43. Bd4+ Kh7 44. g5 Qxf4 45. gxh6 Bd6 46. Qh3 Rf7 47.
Bg1 Rc8 48. Rb2 Rc3 49. Rf1 Rf5 50. Re2 Rg5+ 51. Kh1 Rh5 52. Qxh5 gxh5 53. Be4+
Qxe4+ 54. Rxe4 Rh3+ 55. Kg2 Rg3+ 56. Kh1 dxe4 57. Rf6 Rd3 58. Re6 Bc5 59. Bxc5
bxc5 60. Rxe4 Rd7 61. Re5 Rc7 62. Rxh5 c4 63. Kg2 c3 64. Rh1 Rc4 65. Rc1 Kxh6
66. Kf2 Kg5 67. Ke3 Rxa4 68. Rxc3 Kf5 69. Kd3 Ke5 70. Kc2 Kd5 71. Kb3 1/2-1/2

[Event "Continental Class Ch."]
[Site "Arlington, VA"]
[Date "2011.10.07"]
[Round "3"]
[White "Coleman, Teddy"]
[Black "Friedel, Joshua E"]
[Result "0-1"]
[WhiteElo "2314"]
[BlackElo "2518"]
[PlyCount "86"]
[EventDate "2011.10.??"]
[EventType "swiss"]
[EventRounds "9"]
[EventCountry "USA"]

1. d4 Nf6 2. c4 e6 3. Nc3 Bb4 4. f3 O-O 5. a3 Bxc3+ 6. bxc3 Nh5 7. Nh3 f5 8. e3
d6 9. Bd3 e5 10. O-O Nc6 11. f4 Qe8 12. fxe5 dxe5 13. Ra2 e4 14. Be2 Nf6 15. c5
Na5 16. c4 b6 17. Bd2 Nb7 18. cxb6 axb6 19. Bc3 Qa4 20. Qa1 Nd6 21. Rb1 Ba6 22.
Rb4 Qd7 23. d5 Qe7 24. Nf4 Bc8 25. a4 g5 26. Nh3 f4 27. Nxg5 f3 28. gxf3 exf3
29. Nxf3 Qxe3+ 30. Kh1 Bg4 31. Bxf6 Ne4 32. Qd4 Bxf3+ 33. Bxf3 Qxf3+ 34. Rg2+
Kf7 35. Bh4 Rg8 36. Rbb2 Rxa4 37. Qg1 Rxg2 38. Rxg2 Ra2 39. h3 Qxh3+ 40. Qh2
Ra1+ 41. Rg1 Rxg1+ 42. Kxg1 Qxh2+ 43. Kxh2 Ke8 0-1

[Event "Continental Class Ch."]
[Site "Arlington, VA"]
[Date "2011.10.07"]
[Round "3"]
[White "Tegshsuren, Enkhbat"]
[Black "Kudrin, Sergey"]
[Result "1-0"]
[WhiteElo "2370"]
[BlackElo "2530"]
[PlyCount "85"]
[EventDate "2011.10.??"]
[EventType "swiss"]
[EventRounds "9"]
[EventCountry "USA"]

1. d4 Nf6 2. c4 g6 3. g3 Bg7 4. Bg2 d5 5. cxd5 Nxd5 6. Nf3 Nb6 7. Nc3 Nc6 8. e3
O-O 9. O-O Re8 10. Re1 a5 11. Qe2 Be6 12. Nd2 Nb4 13. Rd1 c6 14. a3 Na6 15. Rb1
Nc7 16. b3 Nbd5 17. Bb2 Qc8 18. Na4 f5 19. Nc4 Ra7 20. Nc5 Bf7 21. Rbc1 Rd8 22.
Qe1 Qa8 23. Ne5 Bxe5 24. dxe5 Ne6 25. Nxe6 Bxe6 26. e4 fxe4 27. Bxe4 Rd7 28.
Rd3 Qe8 29. Rcd1 Ra8 30. h4 b6 31. Rc1 Rc8 32. Qd2 Rdd8 33. h5 gxh5 34. Qg5+
Kh8 35. Qh6 Qg8 36. Bf5 Nc7 37. Rd6 Qg7 38. Qxg7+ Kxg7 39. Bxe6 Nxe6 40. Rxe6
Rd2 41. Rxe7+ Kf8 42. Rxh7 Kg8 43. Bc3 1-0

[Event "Continental Class Ch."]
[Site "Arlington, VA"]
[Date "2011.10.07"]
[Round "3"]
[White "Gulamali, Kazim"]
[Black "Ramirez Alvarez, Alejandro"]
[Result "0-1"]
[WhiteElo "2350"]
[BlackElo "2594"]
[PlyCount "62"]
[EventDate "2011.10.??"]
[EventType "swiss"]
[EventRounds "9"]
[EventCountry "USA"]

1. e4 e6 2. d4 d5 3. Nc3 Bb4 4. e5 c5 5. a3 Bxc3+ 6. bxc3 Ne7 7. Qg4 O-O 8. Bd3
Nbc6 9. Qh5 Ng6 10. Nf3 Qc7 11. Be3 Nce7 12. h4 f6 13. dxc5 f5 14. Kd2 Nxe5 15.
Nxe5 Qxe5 16. f4 Qc7 17. Qf3 b6 18. cxb6 axb6 19. Qf2 Ba6 20. Bxb6 Qd7 21. Rhb1
Rfc8 22. Bd4 Bc4 23. Rb6 Rc6 24. Qg3 e5 25. fxe5 Rg6 26. Rxg6 hxg6 27. h5 Bxd3
28. cxd3 Qb5 29. Qg5 Qb2+ 30. Ke3 f4+ 31. Kf3 Qxa1 0-1

[Event "Continental Class Ch."]
[Site "Arlington, VA"]
[Date "2011.10.07"]
[Round "3"]
[White "Kekelidze, Mikheil"]
[Black "Yang, Darwin"]
[Result "1-0"]
[WhiteElo "2459"]
[BlackElo "2439"]
[PlyCount "79"]
[EventDate "2011.10.??"]
[EventType "swiss"]
[EventRounds "9"]
[EventCountry "USA"]

1. d4 d5 2. c4 c6 3. cxd5 cxd5 4. Nc3 Nf6 5. Nf3 Nc6 6. Bf4 a6 7. Ne5 Bf5 8. e3
Rc8 9. Be2 e6 10. g4 Bg6 11. h4 Qb6 12. h5 Be4 13. O-O Qxb2 14. Na4 Qb4 15. Rc1
h6 16. a3 Qxa3 17. Nb6 Rd8 18. Nxc6 bxc6 19. Bc7 Be7 20. Bxd8 Bxd8 21. Qa4 Qxa4
22. Nxa4 a5 23. Rxc6 O-O 24. Ra1 Be7 25. Nc5 Ra8 26. f3 Bh7 27. Ra6 Rxa6 28.
Bxa6 g6 29. hxg6 Bxg6 30. Rxa5 Kg7 31. Be2 Kf8 32. Ra8+ Kg7 33. Ra7 Kf8 34. Kf2
Bd6 35. Ra8+ Kg7 36. Bd3 Bxc5 37. dxc5 Bxd3 38. c6 d4 39. c7 dxe3+ 40. Ke1 1-0

[Event "Continental Class Ch."]
[Site "Arlington, VA"]
[Date "2011.10.07"]
[Round "3"]
[White "Mabe, Chris"]
[Black "Smarty, Sylvester"]
[Result "1-0"]
[WhiteElo "2216"]
[BlackElo "2104"]
[PlyCount "81"]
[EventDate "2011.10.??"]
[EventType "swiss"]
[EventRounds "9"]
[EventCountry "USA"]

1. c4 e5 2. Nc3 Nf6 3. Nf3 e4 4. Ng5 b5 5. d3 exd3 6. exd3 bxc4 7. dxc4 Bb4 8.
Bd3 O-O 9. O-O Bxc3 10. bxc3 Nc6 11. Rb1 Ne5 12. Nxh7 Nxd3 13. Nxf6+ Qxf6 14.
Qxd3 d6 15. Rb5 Re8 16. Be3 a6 17. Rg5 Re5 18. Rg3 Bf5 19. Qd2 c5 20. Rd1 Rb8
21. h3 Rb6 22. Bf4 Re4 23. Bxd6 Rxc4 24. Be5 Qxe5 25. Qd8+ Kh7 26. Qxb6 Rxc3
27. Qb2 Re3 28. Qxe5 Rxe5 29. Rc1 Be6 30. Ra3 c4 31. Rxa6 Rc5 32. Rc3 Rb5 33.
Rc2 Rb1+ 34. Kh2 Ra1 35. Kg3 g6 36. Kf4 Kg7 37. Ke5 Re1+ 38. Kd4 Rd1+ 39. Kc3
Rg1 40. f3 Rb1 41. Rxe6 1-0

[Event "Continental Class Ch."]
[Site "Arlington, VA"]
[Date "2011.10.07"]
[Round "3"]
[White "Paulina, David"]
[Black "Battaglini, Gabriel"]
[Result "1-0"]
[WhiteElo "2044"]
[BlackElo "2447"]
[PlyCount "113"]
[EventDate "2011.10.??"]
[EventType "swiss"]
[EventRounds "9"]
[EventCountry "USA"]

1. e4 c6 2. d4 d5 3. Nc3 dxe4 4. Nxe4 Bf5 5. Ng3 Bg6 6. h4 h6 7. N1e2 e6 8. Nf4
Bh7 9. Bc4 Bd6 10. c3 Nf6 11. Qe2 O-O 12. Bd3 Bxd3 13. Nxd3 Nbd7 14. Bf4 Bxf4
15. Nxf4 e5 16. dxe5 Nxe5 17. O-O Re8 18. Rad1 Qb6 19. Qc2 Neg4 20. Nf5 Re5 21.
Nd6 Qc7 22. Qb3 b5 23. g3 a5 24. c4 Rd8 25. c5 a4 26. Qc2 Nd7 27. Nd3 Re6 28.
Nf4 Re7 29. b4 axb3 30. axb3 Nde5 31. Kg2 Nf6 32. Rd4 g5 33. hxg5 hxg5 34. Qf5
Nh7 35. Rh1 f6 36. Ne6 Qd7 37. Nxd8 Qxd8 38. Nc8 Rd7 39. Rxd7 Qxd7 40. Qxd7
Nxd7 41. Ne7+ Kg7 42. b4 Ne5 43. f4 gxf4 44. gxf4 Nd3 45. Nxc6 Nxf4+ 46. Kf3
Nd3 47. Ke3 Nb2 48. Nd4 Ng5 49. Nxb5 Ne6 50. Nd6 Kf8 51. Ke4 Ke7 52. Rh7+ Kd8
53. Kd5 Nf8 54. Rf7 Nd7 55. Ke6 Nb8 56. Rb7 Nc6 57. Rd7# 1-0

[Event "Continental Class Ch."]
[Site "Arlington, VA"]
[Date "2011.10.07"]
[Round "3"]
[White "Romanenko, Vladimir"]
[Black "Burnett, Ronald"]
[Result "0-1"]
[WhiteElo "2444"]
[BlackElo "2358"]
[PlyCount "66"]
[EventDate "2011.10.??"]
[EventType "swiss"]
[EventRounds "9"]
[EventCountry "USA"]

1. e4 g6 2. d4 d6 3. Nc3 Bg7 4. Be3 c6 5. Qd2 b5 6. a3 Qc7 7. Be2 Nd7 8. h4 Bb7
9. h5 a5 10. h6 Bf8 11. d5 Ngf6 12. dxc6 Bxc6 13. f3 Qb7 14. Kf2 e5 15. Nh3 Be7
16. Rhd1 O-O 17. b4 axb4 18. axb4 Nb6 19. Rxa8 Rxa8 20. Bg5 Rd8 21. Bxf6 Bxf6
22. Nxb5 d5 23. Nc3 d4 24. Kg3 Be7 25. b5 Bd7 26. Na2 Na4 27. Rb1 Be6 28. Nb4
Nc3 29. Rb2 Rc8 30. Bd3 f5 31. Nf2 f4+ 32. Kh2 Bh4 33. Nc6 Rxc6 0-1

[Event "Continental Class Ch."]
[Site "Arlington, VA"]
[Date "2011.10.07"]
[Round "3"]
[White "Rozman, Levy"]
[Black "Meyer, John"]
[Result "1/2-1/2"]
[WhiteElo "2037"]
[BlackElo "2284"]
[PlyCount "79"]
[EventDate "2011.10.??"]
[EventType "swiss"]
[EventRounds "9"]
[EventCountry "USA"]

1. e4 c5 2. Nc3 e6 3. f4 Nc6 4. Nf3 d5 5. d3 Nf6 6. g3 dxe4 7. Nxe4 Nxe4 8.
dxe4 Qxd1+ 9. Kxd1 b6 10. Bg2 Bb7 11. c3 O-O-O+ 12. Bd2 Be7 13. Kc2 Na5 14.
Rhe1 Nc4 15. Rad1 Nxd2 16. Rxd2 Rxd2+ 17. Nxd2 Rd8 18. Rd1 Kc7 19. Nc4 Rxd1 20.
Kxd1 g5 21. Kd2 b5 22. Ne3 gxf4 23. gxf4 Bf8 24. e5 Bh6 25. Bxb7 Kxb7 26. Ng2
Kc6 27. Kd3 Bg7 28. Ne3 f6 29. exf6 Bxf6 30. b3 e5 31. Ng4 e4+ 32. Kd2 Bh8 33.
c4 bxc4 34. bxc4 Bd4 35. Ke2 Kd6 36. Nf2 Bxf2 37. Kxf2 Ke6 38. Ke2 Kf6 39. Kf2
Kg6 40. Ke2 1/2-1/2

[Event "Continental Class Ch."]
[Site "Arlington, VA"]
[Date "2011.10.07"]
[Round "3"]
[White "Shabalov, Alexander"]
[Black "Adu, Oladapo"]
[Result "1-0"]
[WhiteElo "2529"]
[BlackElo "2278"]
[PlyCount "69"]
[EventDate "2011.10.??"]
[EventType "swiss"]
[EventRounds "9"]
[EventCountry "USA"]

1. e4 c5 2. Nf3 e6 3. d4 cxd4 4. Nxd4 a6 5. Bd3 Qc7 6. Nc3 Nf6 7. f4 Bc5 8. Nb3
Bb4 9. O-O d6 10. Kh1 Nbd7 11. Bd2 Bxc3 12. Bxc3 b6 13. Qe2 Bb7 14. Rae1 Qc6
15. Rf3 e5 16. fxe5 dxe5 17. Bb4 Qa4 18. Ba3 Qc6 19. Qf1 Qc7 20. Rf5 b5 21. c4
b4 22. Bxb4 a5 23. Ba3 a4 24. Nd2 Nc5 25. Nf3 Ng4 26. Bc2 f6 27. Qg1 Ne6 28.
Nh4 Nd4 29. Bd1 Nh6 30. Rff1 Qxc4 31. Qe3 Nf7 32. Qg3 Ng5 33. Bh5+ Kd8 34. Nf5
Nxf5 35. exf5 1-0

[Event "Continental Class Ch."]
[Site "Arlington, VA"]
[Date "2011.10.07"]
[Round "3"]
[White "Shahade, Greg"]
[Black "Kaufman, Larry C"]
[Result "1-0"]
[WhiteElo "2446"]
[BlackElo "2406"]
[PlyCount "65"]
[EventDate "2011.10.??"]
[EventType "swiss"]
[EventRounds "9"]
[EventCountry "USA"]

1. c4 g6 2. Nc3 c5 3. g3 Bg7 4. Bg2 Nc6 5. Nf3 d6 6. O-O Bf5 7. d3 Qd7 8. Bd2
Bh3 9. Bxh3 Qxh3 10. Nd5 Qd7 11. Rb1 e6 12. Bc3 Bxc3 13. Nxc3 Nge7 14. d4 Nf5
15. d5 Ncd4 16. Nd2 Ne7 17. Nde4 O-O-O 18. Nf6 Qc7 19. b4 Kb8 20. e3 Ndf5 21.
Nb5 Qc8 22. e4 Ng7 23. Qa4 a6 24. Nc3 Ne8 25. bxc5 dxc5 26. Nxe8 Rhxe8 27. Qxa6
exd5 28. exd5 Nf5 29. Rb6 Nd6 30. Rfb1 Re7 31. Nb5 Nxb5 32. R1xb5 Rdd7 33. Ra5
1-0

[Event "Continental Class Ch."]
[Site "Arlington, VA"]
[Date "2011.10.07"]
[Round "3"]
[White "Stancil, Kimani"]
[Black "Bartholomew, John"]
[Result "1/2-1/2"]
[WhiteElo "2090"]
[BlackElo "2442"]
[PlyCount "82"]
[EventDate "2011.10.??"]
[EventType "swiss"]
[EventRounds "9"]
[EventCountry "USA"]

1. e4 d5 2. exd5 Qxd5 3. Nc3 Qa5 4. Nf3 Nf6 5. Be2 c6 6. O-O Bf5 7. d4 Nbd7 8.
a3 e6 9. Bf4 Be7 10. b4 Qd8 11. Bd3 Bg4 12. h3 Bh5 13. Qe2 O-O 14. Rfe1 Nb6 15.
Rad1 a5 16. g4 Bg6 17. Rb1 axb4 18. Bxg6 hxg6 19. axb4 Nbd5 20. Nxd5 cxd5 21.
Rb3 Ra2 22. Qd3 Ne4 23. Nd2 Nxd2 24. Bxd2 Qd7 25. Reb1 Rc8 26. R3b2 Qa4 27.
Rxa2 Qxa2 28. c3 Bd6 29. Rf1 Ra8 30. h4 Qc4 31. Qe3 e5 32. h5 gxh5 33. gxh5
exd4 34. cxd4 Qc2 35. Qg5 Bf8 36. Bf4 Qc6 37. Rc1 Qe6 38. b5 Kh7 39. Be5 Ra5
40. Rc3 Rxb5 41. Re3 Qc6 1/2-1/2